Statistics for Countries of the World by Second Letter - N

Click here to take the quiz!

General Stats

  • This quiz has been taken 809 times
  • The average score is 7 of 8

Answer Stats

CountnentAnswer% Correct
AsiaIndia
89%
EuropeAndorra
85%
AsiaIndonesia
85%
North AmericaUnited States
84%
AfricaAngola
81%
North AmericaAntigua and Barbuda
80%
EuropeUnited Kingdom
80%
AsiaUnited Arab Emirates
74%

Score Distribution

Percentile by Number Answered

Percent of People with Each Score

Your Score History

You have not taken this quiz